Culture géniale : America edition - Statistiques

Statistiques générales
  • Ce quiz a été pris 53 fois
  • Le résultat moyen est 7 sur 15
Statistiques - réponses
Question Réponse % Correct
Quel est le pays d'Amérique le plus visité ? États-Unis
88%
Quel est le pays d'Amérique avec le plus fort PIB ? États-Unis
83%
Quel est le plus grand pays d'Amérique ? (en superficie) Canada
81%
Personnalité la plus puissante d'Amérique Joe Biden (Président des États-Unis)
73%
Quel est le pays le plus peuplé d'Amérique ? États-Unis
69%
Quel est le pays d'Amérique avec la plus forte espérance de vie ? Canada
56%
Pays d'Amérique ayant le plus de morts dus à la Covid-19 États-Unis
56%
Qui est la personnalité la plus riche d'Amérique ? (le 28 mars 2021) Jeff Bezos (Amazon, États-Unis)
52%
Quel est le plus petit pays d'Amérique ? (en superficie) Saint-Martin (Pays-Bas)
35%
Combien de pays y'a t il sur le continent américain (iles comprises, pas les territoires d'outre-mer) 35
33%
Quelle est l'aire urbaine la plus peuplée d'Amérique Sao Paulo (Brésil)
27%
Le pays d'Amérique avec le plus haut taux de chômage Costa Rica
23%
Entreprise avec le plus gros chiffre d'affaire d'Amérique Walmart (Grande distribution, États-Unis)
23%
Quel est le pays avec la plus forte densité ? (hab/km2), exceptionnellement les territoires d'outre-mer ne comptent pas Barbade
13%
Quel est le pays d'Amérique avec le plus fort IDH (Indice de Développement Humain) ? Bermudes
6%
Aucun quiz correspondant
Distribution des résultats
% des personnes avec chaque résultat
Percentile par nombre de réponses
Votre historique - résultats
Vous n’avez pas pris ce quiz